00915 2200337 4500001002100000005001500021035002000036007000300056040001700059100002200076245004400098250001200142300003300154020001800187041000800205082001000213084001600223090002000239264005000259336002100309337003000330338002300360650001400383850001000397008004100407500003400448990002300482990002300505990002300528990002600551INLIS00000000000566020260426010726 a0010-0222000750ta aSBPUPADbind0 aKasmirePengarang1 aBank&Lembaga Keuangan Lainnya /cKasmir a.-Cet 7 axx,512 hal. :bIlus ;c21 cm a979-421-681-x0 aind a332.1 a332.1 KAS b a332.3 VEI i 9-3 a.--Jakarta :bPT Raja Grafindo Persada,c2007 2rdacontentaTeks 2rdamediaaTanpa Perantara 2rdacarrieraVolume 4aPerbankan aPUPAD260426 0  aRiwayat Hidup Penulis hlm 511 a3249/BR/ARPUS/2007 a3247/BR/ARPUS/2007 a3248/BR/ARPUS/2007 a32450/BR/ARPUS/200750